00569nam a2200157 a 450000100100000000500170001000800410002704000250006810000190009324500900011226000790020230000200028149000340030150000420033583000340037700003884520201002031407.0130430s1999 dr 000 0 spa d aDO-SdBNPbspacBNPHU1 aOviedo, José10aCabeza de medusa :bpartidos politícos, democracia y clientelismo /cJosé Oviedo. aSanto Domingo :bPontificia Universidad Católica Madre y Maestra,c1999. a39 p. ;c22 cm.1 aEducación Ciudadanavno. 19 aIncluye notas al pie de las páginas 0aEducación Ciudadananno. 19